000 00321nam a2200121Ia 4500
008 190216s9999||||xx |||||||||||||| ||und||
100 _a"Mithani Dm ,reddy P N&Amp; Appannalah"
245 0 _aElements Of Indian Economics
260 _bHimalaya Publishing House
_c1991
300 _a233p
650 _aEconomics
942 _cBK
999 _c9925
_d9925